Acting Oscar Quartets: 2020s Edition - Statistics

General Stats
  • This quiz has been taken 18 times
  • The average score is 20 of 28
Answer Stats
Hint Answer % Correct
Once Upon a Time in Hollywood Brad Pitt
100%
Joker Joaquin Phoenix
100%
The Whale Brendan Fraser
94%
Sinners Michael B. Jordan
94%
King Richard Will Smith
94%
The Brutalist Adrien Brody
88%
Oppenheimer Cillian Murphy
88%
Poor Things Emma Stone
88%
Oppenheimer Robert Downey Jr.
88%
The Father Anthony Hopkins
81%
Nomadland Frances McDormand
81%
Everything Everywhere All at Once Michelle Yeoh
75%
One Battle After Another Sean Penn
75%
Judas and the Black Messiah Daniel Kaluuya
69%
Hamnet Jessie Buckley
69%
Anora Mikey Madison
69%
Emilia Pérez Zoe Saldaña
69%
The Eyes of Tammy Faye Jessica Chastain
63%
Everything Everywhere All at Once Ke Huy Quan
63%
Judy Renée Zellweger
63%
The Holdovers Da'Vine Joy Randolph
56%
Everything Everywhere All at Once Jamie Lee Curtis
56%
A Real Pain Kieran Culkin
56%
Marriage Story Laura Dern
56%
Weapons Amy Madigan
50%
West Side Story Ariana DeBose
44%
CODA Troy Kotsur
38%
Minari Yuh-jung Youn
31%
No matching quizzes found
Score Distribution
Percent of People with Each Score
Percentile by Number Answered
Your Score History
You have not taken this quiz